Geography Quiz

Random Geography or Blitz Quiz

Rivers Alphabet Mine Soup Quiz Stats

 Plays Quiz not verified by Sporcle

Score 0/31 Timer 01:30
0 Plays Today
% Correct
???
100%
???
94.3%
???
93.2%
???
89.8%
???
82.3%
???
81.6%
???
81.5%
???
81.4%
???
72.5%
???
72.2%
???
68.6%
???
68.2%
???
68%
???
68%
???
68%
???
66.8%
% Correct
???
66.4%
???
65.4%
???
63%
???
61.8%
???
60.6%
???
60.1%
???
60.1%
???
59.4%
???
58.5%
???
57.4%
???
42.2%
???
41.2%
???
38%
???
35.8%
???
35.2%

You're not logged in!

Compare scores with friends on all Sporcle quizzes.
OR
Log In

You Might Also Like...

Show Comments

Extras

Top Quizzes Today


Score Distribution

Your Account Isn't Verified!

In order to create a playlist on Sporcle, you need to verify the email address you used during registration. Go to your Sporcle Settings to finish the process.

Report this User

Report this user for behavior that violates our Community Guidelines.

Details: